000 01191nam a2200325Ia 4500
001 ebr10344083
003 CaPaEBR
006 m u
007 cr cn|||||||||
008 081212s2009 njua s 001 0 eng d
010 _z 2008053437
020 _z9780470222706 (cloth)
040 _aCaPaEBR
_cCaPaEBR
035 _a(OCoLC)463430914
050 1 4 _aTA418.9.N35
_bN345 2009eb
082 0 4 _a660
_222
245 0 0 _aNanoscale materials in chemistry
_h[electronic resource] /
_cedited by Kenneth J. Klabunde and Ryan M. Richards.
250 _a2nd ed.
260 _aHoboken, N.J. :
_bWiley,
_cc2009.
300 _axiii, 777 p. :
_bill.
500 _aIncludes index.
533 _aElectronic reproduction.
_bPalo Alto, Calif. :
_cebrary,
_d2010.
_nAvailable via World Wide Web.
_nAccess may be limited to ebrary affiliated libraries.
650 0 _aNanostructured materials.
650 0 _aNanotechnology.
655 7 _aElectronic books.
_2local
700 1 _aKlabunde, Kenneth J.
700 1 _aRichards, Ryan.
710 2 _aebrary, Inc.
856 4 0 _uhttp://site.ebrary.com/lib/rucke/Doc?id=10344083
_zAn electronic book accessible through the World Wide Web; click to view
999 _c48692
_d48692